000 01615cam a22004574i 4500
003 PE-LiUPU
005 20250731173541.0
008 150616s1988 nyu r 000 0 eng d
020 _a0060628391
035 _a(Sirsi) i9780060628390
040 _aPE-LiUPU
_bspa
_cPE-LiUPU
_erda
049 _aPRUA
082 0 4 _a248.4896
_bF77
_221
100 1 _aFoster, Richard J.,
_eautor.
245 1 0 _aCelebration of Discipline /
_cRichard J. Foster.
264 1 _aNew York :
_bHarper San Francisco,
_c1988.
300 _a228 páginas ;
_c21 centímetros
336 _atext
_2rdacontent
337 _aunmediated
_2rdamedia
338 _avolume
_2rdacarrier
505 0 _aThe inward disciplines -- Meditation -- Prayer -- The outward disciplines -- Simplicity -- Solitude -- The corporate disciplines -- Confession -- Worship.
526 _aSEG42
526 _aSEG41
526 _aSEG40
526 _aSEG39
526 _aP94
526 _aP87
526 _aP86
526 _aP85
526 _aP77
526 _aP76
526 _aP35
650 0 4 _aCrecimiento espiritual.
910 _ajck
_bjvq
_cjck
942 _2ddc
_cBOOK
949 _a248.4896 F77
_wDEWEY
_c1
_i42588
_d2016-4-10
_e2016-4-6
_lCCODEBUL1
_mBUL
_n4
_r0
_sY
_tBOOK
_u2015-6-16
_xTEOLOGIA
_zUNKNOWN
_0COMPRA
_o.STAFF. Colección General
994 _aC0
_bPEPRU
596 _a1
999 _a248.4896 F77
_wDEWEY
_c60424
_i42588
_d60424
_e2016-4-6
_f2021-11-11
_g5
_lCCODEBUL1
_mBUL
_n4
_p19.65
_r0
_sY
_tBOOK
_u2015-6-16
_xTEOLOGIA
_PP35
_0COMPRA
_o.STAFF. Colección Teología
980 _81
_gALBERTO SANCHEZ Responsable de Automatización